| 000 -LEADER |
| fixed length control field |
00649cam a2200193 a 4500 |
| 020 ## - INTERNATIONAL STANDARD BOOK NUMBER |
| ISBN |
0072413646 (alk. paper) |
| 020 ## - INTERNATIONAL STANDARD BOOK NUMBER |
| ISBN |
0072491760 (CDROM) |
| 040 ## - CATALOGING SOURCE |
| Transcribing agency |
DLC |
| 082 00 - DEWEY DECIMAL CLASSIFICATION NUMBER |
| Classification number |
155 HIL 2002 A002 Or. |
| 100 1# - MAIN ENTRY--AUTHOR NAME |
| Personal name |
Dacey, John S. |
| 245 10 - TITLE STATEMENT |
| Title |
Human development across the lifespan / |
| 250 ## - EDITION STATEMENT |
| Edition statement |
5th ed. |
| 260 ## - PUBLICATION, DISTRIBUTION, ETC. (IMPRINT) |
| Place of publication |
Boston : |
| Name of publisher |
McGraw-Hill, |
| Year of publication |
c2002. |
| 300 ## - PHYSICAL DESCRIPTION |
| Number of Pages |
xxv, 504, [58] p. : |
| Other physical details |
ill. (some col.) ; |
| Dimensions |
27 cm. + |
| Accompanying material |
1 computer optical disc (4 3/4 in.) |
| 500 ## - GENERAL NOTE |
| General note |
Accompanying CD-ROM includes student guide to test preparation titled "Making the grade." |
| 650 #0 - SUBJECT ADDED ENTRY--TOPICAL TERM |
| Topical Term |
Developmental psychology. |
| 700 1# - ADDED ENTRY--PERSONAL NAME |
| Personal name |
Travers, John F. |
| 942 ## - ADDED ENTRY ELEMENTS (KOHA) |
| Koha item type |
សៀវភៅភាសាអង់គ្លេស |
| 952 ## - LOCATION AND ITEM INFORMATION (KOHA) |
| Withdrawn status [LOCAL, KOHA] |
0 |